01265nam a2200301Ia 4500001001200000003000800012006001900020007001500039008004100054020001500095040002100110035002100131050002500152245013800177260003500315300001900350490004800369504005100417533015200468650003100620650004700651655002900698700002600727710001700753830005000770856012600820999001700946ebr10050786CaPaEBRm u cr cn|||||||||990414s1999 nyua sb 001 0 eng d z0824760921 aCaPaEBRcCaPaEBR a(OCoLC)55941358914aRC682b.C3675 1999eb00aCardiac rehabilitationh[electronic resource] :ba guide to practice in the 21st century /cedited by Nanette K. Wenger ... [et al.]. aNew York :bM. Dekker,cc1999. a510 p. :bill.1 aFundamental and clinical cardiology ;v. 38 aIncludes bibliographical references and index. aElectronic reproduction.bPalo Alto, Calif. :cebrary,d2009.nAvailable via World Wide Web.nAccess may be limited to ebrary affiliated libraries. 0aHeartxDiseasesxPatients. 0aHeartxDiseasesxPatientsxRehabilitation. 7aElectronic books.2local1 aWenger, Nanette Kass.2 aebrary, Inc. 0aFundamental and clinical cardiology ;vv. 38.40uhttp://site.ebrary.com/lib/rucke/Doc?id=10050786zAn electronic book accessible through the World Wide Web; click to view c75977d75977